Biblioteka Instytutu Północnego w Olsztynie

Widok standardowy Widok MARC

Pozycja Corporate Name

Liczba rekordów, w których użyto hasła: 1

001 - Numer kontrolny

  • control field: 40287

003 - Identyfikator numeru kontrolnego

  • control field: NUKAT

005 - Data i czas ostatniej modyfikacji

  • control field: 20260419175550.0

008 - Dane kontrolne kodowane (40 znaków)

  • fixed length control field: 050725n||a|znnaabn |a ana |c

010 ## - Numer kontrolny Biblioteki Kongresu

  • numer kontrolny LC: n 2005053859

024 7# - OTHER STANDARD IDENTIFIER

  • Standard number or code: 1710164721387402340006
  • Source of number or code: viaf

040 ## - Instytucja sporządzająca rekord

  • inst. przygot. dane do rek. khw: WR O/KK
  • język haseł przedmiotowych/tezaurus: kaba
  • inst. wprow. rek. khw: WR O/KKs
  • inst. modyf. rek. khw: WA U/KMsynat
  • inst. modyf. rek. khw: KR U/BB
  • inst. modyf. rek. khw: WR U/mg
  • inst. modyf. rek. khw: WA U/KSZ

043 ## - Kod obszaru geograficznego

  • ISO code: PL

046 ## - Special dates

  • Start period: 1899

110 2# - Hasło - nazwa ciała zbiorowego

  • nazwa ciała zbior. lub geogr. na pocz.: Księgarnia Sortymentowo-Wydawnicza Stefana Dembego.

368 ## - Other Attributes

  • Corp type: Wydawcy.

370 ## - Associated place

  • Country: Polska.

370 ## - Associated place

  • Country: Rosja.

370 ## - Associated place

  • Residence/HQ: Warszawa (Polska).

377 ## - Assoc lang

  • Lang code: ger

410 0# - Trop zob. - nazwa ciała zbiorowego

  • nazwa ciała zbior. lub geogr. na pocz.: Dembe Stefan, Księgarnia.

410 2# - Trop zob. - nazwa ciała zbiorowego

  • nazwa ciała zbior. lub geogr. na pocz.: Księgarnia Nakładowo-Wydawnicza Stefana Dembego.

410 2# - Trop zob. - nazwa ciała zbiorowego

  • nazwa ciała zbior. lub geogr. na pocz.: Księgarnia i Wydawnictwo Stefana Dembego.

410 2# - Trop zob. - nazwa ciała zbiorowego

  • nazwa ciała zbior. lub geogr. na pocz.: Księgarnia Stefana Dembego.

410 2# - Trop zob. - nazwa ciała zbiorowego

  • nazwa ciała zbior. lub geogr. na pocz.: Wydawnictwo Stefana Dembego.

410 0# - Trop zob. - nazwa ciała zbiorowego

  • nazwa ciała zbior. lub geogr. na pocz.: S. Demby, Warszawa.

410 2# - Trop zob. - nazwa ciała zbiorowego

  • nazwa ciała zbior. lub geogr. na pocz.: Księgarnia S. Demby.

410 0# - Trop zob. - nazwa ciała zbiorowego

  • nazwa ciała zbior. lub geogr. na pocz.: Demby S., Księgarnia.

410 2# - Trop zob. - nazwa ciała zbiorowego

  • nazwa ciała zbior. lub geogr. na pocz.: Demby S., Księgarnia w Warszawie.

410 2# - Trop zob. - nazwa ciała zbiorowego

  • nazwa ciała zbior. lub geogr. na pocz.: Stefan Demby Warszawa.

410 2# - Trop zob. - nazwa ciała zbiorowego

  • nazwa ciała zbior. lub geogr. na pocz.: Księgarnia S. Dembego.

665 ## - Nota historyczna

  • nota historyczna: Księgarnia Sortymentowo-Wydawnicza Stefana Dembego powstała w 1899 w Warszawie.

670 ## - Źródło informacji

  • źródło informacji: Stefan Demby : księgarz i wydawca / Danuta Rymsza-Zalewska. - Warszawa, 2004.

670 ## - Źródło informacji

  • źródło informacji: BNPol online, 12.09.2012
  • gdzie znaleziono informację: (Księgarnia i wydawnictwo Stefana Dembego (Warszawa).

670 ## - Źródło informacji

  • źródło informacji: Kp. Studya literackie / Marya Krzymuska. - Warszawa : Skł. gł. Księgarnia Stefana Dembego, 1903.

670 ## - Źródło informacji

  • źródło informacji: Kp. Błyski / Jerzy Orwicz. Warszawa, 1903
  • gdzie znaleziono informację: S. tyt.: (Skład Główny w Księgarni S. Dembego)
Biblioteka Instytutu Północnego, ul. Partyzantów 87, 10-402 Olsztyn, email: biblioteka(at)ip.olsztyn.pl